<?xml version="1.0" encoding="UTF-8"?><?xml-stylesheet type="text/xsl" href="static/style.xsl"?><OAI-PMH xmlns="http://www.openarchives.org/OAI/2.0/" xmlns:xsi="http://www.w3.org/2001/XMLSchema-instance" xsi:schemaLocation="http://www.openarchives.org/OAI/2.0/ http://www.openarchives.org/OAI/2.0/OAI-PMH.xsd"><responseDate>2026-04-17T23:16:38Z</responseDate><request verb="GetRecord" identifier="oai:riubu.ubu.es:10259/7715" metadataPrefix="marc">https://riubu.ubu.es/oai/request</request><GetRecord><record><header><identifier>oai:riubu.ubu.es:10259/7715</identifier><datestamp>2023-06-22T09:53:22Z</datestamp><setSpec>com_10259_7321</setSpec><setSpec>com_10259_4144</setSpec><setSpec>com_10259.4_106</setSpec><setSpec>com_10259_2604</setSpec><setSpec>com_10259_4846</setSpec><setSpec>com_10259_5086</setSpec><setSpec>com_10259_4839</setSpec><setSpec>com_10259_4145</setSpec><setSpec>com_10259_7354</setSpec><setSpec>com_10259_7353</setSpec><setSpec>col_10259_7322</setSpec><setSpec>col_10259_7145</setSpec><setSpec>col_10259_6836</setSpec><setSpec>col_10259_7319</setSpec><setSpec>col_10259_7383</setSpec></header><metadata><record xmlns="http://www.loc.gov/MARC21/slim" xmlns:doc="http://www.lyncode.com/xoai" xmlns:xsi="http://www.w3.org/2001/XMLSchema-instance" xmlns:dcterms="http://purl.org/dc/terms/" xsi:schemaLocation="http://www.loc.gov/MARC21/slim http://www.loc.gov/standards/marcxml/schema/MARC21slim.xsd">
<leader>00925njm 22002777a 4500</leader>
<datafield tag="042" ind1=" " ind2=" ">
<subfield code="a">dc</subfield>
</datafield>
<datafield tag="720" ind1=" " ind2=" ">
<subfield code="a">Greca Dufranc, Ileana María</subfield>
<subfield code="e">author</subfield>
</datafield>
<datafield tag="720" ind1=" " ind2=" ">
<subfield code="a">Sanz de La Cal, Esther</subfield>
<subfield code="e">author</subfield>
</datafield>
<datafield tag="720" ind1=" " ind2=" ">
<subfield code="a">Alonso Centeno, Almudena</subfield>
<subfield code="e">author</subfield>
</datafield>
<datafield tag="720" ind1=" " ind2=" ">
<subfield code="a">Martínez González, Alicia</subfield>
<subfield code="e">author</subfield>
</datafield>
<datafield tag="720" ind1=" " ind2=" ">
<subfield code="a">Ruiz-Bartolomé, Erica</subfield>
<subfield code="e">author</subfield>
</datafield>
<datafield tag="260" ind1=" " ind2=" ">
<subfield code="c">2023</subfield>
</datafield>
<datafield tag="520" ind1=" " ind2=" ">
<subfield code="a">En este proyecto, el cuento titulado Guardians of the Sea (Edwards, 2020) servirá de hilo conductor para potenciar el desarrollo de las competencias lingüísticas del alumnado, así como de las competencias relacionadas con STEAM. Las actividades propuestas, que fomentan el uso de la lengua en situaciones reales, fomentarán el uso creativo del lenguaje por parte del alumnado para comunicar su comprensión a los compañeros. En relación con las unidades científicas, se abordarán contenidos relacionados con los materiales, sus propiedades, su impacto en el medio ambiente (plásticos) y el cuidado del medio ambiente. Además, se fomentará la reflexión sobre el entorno social y la búsqueda de soluciones a problemas reales, desarrollando el pensamiento crítico y actitudes responsables hacia el medio ambiente.</subfield>
</datafield>
<datafield tag="024" ind2=" " ind1="8">
<subfield code="a">978-84-18465-43-7</subfield>
</datafield>
<datafield tag="024" ind2=" " ind1="8">
<subfield code="a">http://hdl.handle.net/10259/7715</subfield>
</datafield>
<datafield tag="024" ind2=" " ind1="8">
<subfield code="a">10.36443/9788418465437</subfield>
</datafield>
<datafield ind1=" " ind2=" " tag="653">
<subfield code="a">AICLE</subfield>
</datafield>
<datafield ind1=" " ind2=" " tag="653">
<subfield code="a">STEAM</subfield>
</datafield>
<datafield ind1=" " ind2=" " tag="653">
<subfield code="a">Educación Primaria</subfield>
</datafield>
<datafield ind1=" " ind2=" " tag="653">
<subfield code="a">Competencias</subfield>
</datafield>
<datafield ind1=" " ind2=" " tag="653">
<subfield code="a">Cuento</subfield>
</datafield>
<datafield ind1=" " ind2=" " tag="653">
<subfield code="a">Recursos</subfield>
</datafield>
<datafield tag="245" ind1="0" ind2="0">
<subfield code="a">Let's take care of the sea</subfield>
</datafield>
</record></metadata></record></GetRecord></OAI-PMH>